NCAA Football: AP Poll Appearances - Statistics

General Stats
  • This quiz has been taken 93 times
  • The average score is 75 of 100
Answer Stats
Rank Answer Appearances % Correct
T-4 Alabama 872
97%
10 Louisiana State (LSU) 664
97%
6 Southern California (USC) 813
97%
7 Texas 772
97%
1 Ohio St 981
96%
12 Florida 646
95%
2 Michigan 918
95%
24 Oregon 365
95%
20 Washington 480
95%
16 California Los Angeles (UCLA) 553
92%
15 Florida St 582
92%
11 Georgia 660
92%
26 Mississippi (Ole Miss) 332
92%
68 Penn 89
92%
57 Washington St 166
92%
74 Indiana 67
91%
17 Miami (FL) 518
91%
85 Miami (OH) 42
91%
9 Penn St 693
91%
47 South Carolina 191
91%
19 Texas A&M 490
91%
65 Kansas 115
89%
66 Kentucky 111
89%
43 Mississippi St 209
89%
T-4 Notre Dame 872
89%
3 Oklahoma 897
89%
64 Oregon St 116
89%
13 Tennessee 617
89%
14 Auburn 602
88%
29 Colorado 308
88%
40 Kansas St 236
88%
8 Nebraska 730
88%
62 Texas Tech 141
88%
56 Arizona 173
87%
33 Arizona St 291
87%
18 Clemson 495
87%
22 Michigan St 419
87%
52 Duke 180
85%
50 Illinois 186
85%
25 Iowa 364
85%
35 North Carolina 280
85%
T-54 Utah 174
85%
71 Iowa State 70
84%
34 Oklahoma St 287
84%
T-54 Virginia 174
84%
23 Wisconsin 416
83%
21 Arkansas 432
81%
58 Boise St 165
81%
36 Brigham Young (BYU) 279
81%
32 Stanford 303
81%
42 Syracuse 210
81%
37 Missouri 264
80%
T-88 Rutgers 37
80%
93 Vanderbilt 31
80%
28 Virginia Tech 311
80%
61 Boston College 144
79%
T-30 Georgia Tech 306
79%
46 Maryland 193
79%
53 Minnesota 175
79%
27 Pittsburgh 314
79%
T-30 West Virginia 306
79%
39 Purdue 237
77%
41 Baylor 226
76%
78 Central Florida (UCF) 54
76%
T-48 NC State 188
76%
60 Army 146
75%
67 Cincinnati 97
73%
T-83 Colorado St 43
73%
44 Houston 203
73%
63 Navy 139
73%
69 Air Force 84
72%
38 Texas Christian (TCU) 255
72%
T-48 Northwestern 188
71%
94 Yale 30
71%
59 Louisville 153
69%
70 Tulane 78
69%
45 California 200
67%
51 Southern Methodist (SMU) 182
65%
T-72 Wake Forest 69
63%
96 Hawaii 28
61%
97 Memphis 27
61%
95 Princeton 29
60%
T-80 Toledo 47
59%
T-76 Wyoming 56
59%
75 Fresno St 65
57%
92 San Diego St (SDSU) 32
57%
79 Tulsa 48
56%
T-88 Marshall 37
49%
T-72 Rice 69
48%
99 Coastal Carolina 24
47%
91 East Carolina 34
43%
100 Northern Illinois (NIU) 23
41%
T-76 Southern Miss 56
41%
T-80 Cornell 47
35%
T-88 Dartmouth 37
35%
T-80 South Florida 47
33%
98 Villanova 25
11%
87 Holy Cross 39
7%
T-83 Santa Clara 43
5%
86 Fordham 40
3%
No matching quizzes found
Score Distribution
Percent of People with Each Score
Percentile by Number Answered
Your Score History
You have not taken this quiz